000 004500000a22001570004500
003 MACL
005 20170706122842.0
008 170706b xxu||||| |||| 00| 0 eng d
040 _cmacl
100 _aवि‍क्रम
_968065
245 _aलालची सुअर
260 _bखुराना प्रिटर्स
_c2007
350 _a80
650 _aचिल्‍ड्रन बुक
_9159
942 _cHIN
_k741.642/VIK
_2ddc
999 _c41964
_d41964